000 00542nam a22001577a 4500
003 OSt
008 260630b |||||||| |||| 00| 0 eng d
020 _a9789364401180
082 _a635.0493
_bK96D
245 _aDiseases of Horticultural Crops & their Management/ by Shivam Kumar...[et al.]
260 _aLudhiana :
_bKalyani Publishers,
_c2025.
300 _a(1.1- 40.7) p.
650 _aTechnology (Applied Sciences) | Agriculture and Related Technologies | Horticultural Crops | Diseases
700 _aKumar, Shivam
942 _2ddc
_cBK
999 _c52499
_d52499